Tous les vainqueurs du trophées Yachine - Statistiques

Statistiques générales
  • Ce quiz a été pris 58 fois
  • Le résultat moyen est 5 sur 6
Statistiques - réponses
Hint Réponse % Correct
2021 Gianluigi Donnarumma
96%
2025 Gianluigi Donnarumma
96%
2022 Thibaut Courtois
95%
2019 Alisson
87%
2023 Emiliano Martinez
73%
2024 Emiliano Martinez
73%
Aucun quiz correspondant
Distribution des résultats
% des personnes avec chaque résultat
Percentile par nombre de réponses
Votre historique - résultats
Vous n’avez pas pris ce quiz